000 00496nam a22001817a 4500
005 20251201144429.0
008 251201b |||||||| |||| 00| 0 eng d
020 _a978-93-93330-8-6
050 _aRG 965.P73 2022
100 _aARJUN GITA
245 _aA PRATICAL GUIDE TO OBSTETRICS
250 _a2nd
260 _aINDIA
_bUNIVERSITIES PRESS
_c2022
300 _aX,674
500 _aINCLUDES AN INDEX
650 _aOBSTETRICS -HANDBOOK MANUALS pregnancy complications
942 _2lcc
_cBK
999 _c216325
_d216325